00685nam a2200181 a 4500008004100000050001500041100002400056245004800080246004000128250001200168260003200180300002200212350000900234700002000243995009200263999001700355952013100372120416s1973 ||||||||||||||||| || u aHM 101 Soc aEtzioni-Halevy, Eva10aSocial changecedited by Eva Etzioni-Halevy asources, patterns, and consequences a2nd ed. aNew YorkbBasic Booksc1973 axii, 559p. : ill. a0.00 aEtzioni, Amitai D0.00FCBU-MAIN LIBRARY (Kitwe)H1I0.00UAVAILABLEZMain Library Open Access Collection c57661d57661 00102lcc4070a001b001cMain Library Open Access Collectiond2022-11-30l0oHM 101 Socp705770r2022-11-30w2022-11-30y002